• 首页
  • 本馆介绍
  • 公告通知
  • 最新文献
  • 馆藏检索
  • 电子资源
  • 读者导购
  • 参考咨询
  • 我的图书馆
  • 登录
  • 详细信息显示
  • 放入我的书架
  • 预约/预借图书
  • 作者相关作品
  • 分类相关作品
  • 丛书相关作品
  • 出版社相关作品

书目信息

  • 表格格式
  • 工作单格式
  • 卡片格式
题名:
汉语速记学
    
 
作者: 黎宏基 著
分册:  
出版信息: 武汉   武汉大学出版社  1982.12
页数: 189页
开本: 19cm
丛书名:
单 册:
中图分类: H126.1
科图分类:
主题词: 汉字--文字学
电子资源:
ISBN:
000 00518nam0 2200193 45
001 0309230926
005 20060810105504.70
010    @dCNY0.98
091    @a10297.6
100    @a20030923d1982 km y0chiy0120 ea
101 0  @achi
200 1  @a汉语速记学@AHan Yu Su Ji Xue@f黎宏基著@FLi Hong Ji Zhu
210    @a武汉@c武汉大学出版社@d1982.12
215    @a189页@d19cm
606 0  @a汉字@x文字学
690    @aH126.1@v3
701  0 @a黎宏基@4著
801    @aCN@bTSTC@c20060810
905    @dH126.1@e6@f1@b85291@b85289@f1@f1@b85287
    
    汉语速记学/黎宏基著.-武汉:武汉大学出版社,1982.12
    189页;19cm
    
    
    ISBN :CNY0.98
    
●
相关链接 在E读中查询图书 在五车中查询图书 在当当中查询图书 在豆瓣中查询图书


正题名:汉语速记学     索取号:H126.1/6         预约/预借

序号 登录号 条形码 馆藏地/架位号 状态 备注
1 0085287   001525601   密集书库/ [索取号:H126.1/6] 在馆    
2 0085288   001848237   密集书库/ [索取号:H126.1/6] 在馆    
3 0085289   001525530   密集书库/ [索取号:H126.1/6] 在馆    
4 0085291   001525549   密集书库/ [索取号:H126.1/6] 在馆    
5 0450731   204507319   密集书库/ [索取号:H126.1/6] 在馆    
6 0450861   204508611   密集书库/ [索取号:H126.1/6] 在馆    
唐山师范学院图书馆 欢迎您!
大连网信软件有限公司© 版权所有